MARC details
| 000 -CABECERA |
| campo de control de longitud fija |
01381nam a2200289 aa4500 |
| 001 - NÚMERO DE CONTROL |
| campo de control |
000024469 |
| 005 - FECHA Y HORA DE LA ÚLTIMA TRANSACCIÓN |
| campo de control |
20240229073944.0 |
| 008 - DATOS DE LONGITUD FIJA--INFORMACIÓN GENERAL |
| campo de control de longitud fija |
090701s1987 dr 000 0 spa d |
| 040 ## - FUENTE DE LA CATALOGACIÓN |
| Centro catalogador/agencia de origen |
DO-SdBNP |
| Lengua de catalogación |
spa |
| Centro/agencia transcriptor |
BNPHU |
| 082 ## - NÚMERO DE LA CLASIFICACIÓN DECIMAL DEWEY |
| Número de clasificación |
330.97293 |
| Número de documento/Ítem |
R788f, 1987 |
| 100 1# - ENTRADA PRINCIPAL--NOMBRE DE PERSONA |
| Nombre de persona |
Rosa, Antonio de la, |
| Fechas asociadas al nombre |
1864-1924 |
| 9 (RLIN) |
50169 |
| 240 14 - TÍTULO UNIFORME |
| Título uniforme |
Les finances de Saint-Domingue et le controle Americain |
| Lenguaje de la obra |
español |
| 245 13 - MENCIÓN DE TÍTULO |
| Título |
Las finanzas de Santo Domingo y el control americano / |
| Mención de responsabilidad, etc. |
Antonio de la Rosa ; edición José Chez Checo. |
| 260 ## - PUBLICACIÓN, DISTRIBUCIÓN, ETC. |
| Lugar de publicación, distribución, etc. |
Santo Domingo : |
| Nombre del editor, distribuidor, etc. |
Sociedad Dominicana de Bibliófilos, |
| Fecha de publicación, distribución, etc. |
1987 . |
| 300 ## - DESCRIPCIÓN FÍSICA |
| Extensión |
268 p. ; |
| Dimensiones |
23 cm. |
| 500 ## - NOTA GENERAL |
| Nota general |
Incluye reproducción facsimilar de la portada de la edición: París: A. Pedone Editeur, 1915. |
| 504 ## - NOTA DE BIBLIOGRAFÍA, ETC. |
| Nota de bibliografía, etc. |
Bibliografías: p 251-259. |
| 534 ## - NOTA SOBRE LA VERSIÓN ORIGINAL |
| Frase introductoria |
Publicado originamente en francés: |
| Mención de título del original |
Les finances de Saint-Domingue et le controle AmericainA. Pedone. |
| Publicación, distribución, etc. del original |
París: A. Pedone Editeur, 1915 |
| 504 ## - NOTA DE BIBLIOGRAFÍA, ETC. |
| Nota de bibliografía, etc. |
Bibliografía: p 251-259. |
| 590 ## - NOTA LOCAL (RLIN) |
| Nota local |
Inventariado. 2018/VM |
| 651 #4 - PUNTO DE ACCESO ADICIONAL DE MATERIA--NOMBRE GEOGRÁFICO |
| Nombre geográfico |
República Dominicana |
| Subdivisión general |
Condiciones Económicas |
| Subdivisión cronológica |
SIGLO XIX |
| 9 (RLIN) |
7414 |
| 651 #4 - PUNTO DE ACCESO ADICIONAL DE MATERIA--NOMBRE GEOGRÁFICO |
| Nombre geográfico |
República Dominicana |
| Subdivisión general |
Condiciones Sociales |
| Subdivisión cronológica |
SIGLO XIX |
| 9 (RLIN) |
7415 |
| 650 #4 - PUNTO DE ACCESO ADICIONAL DE MATERIA--TÉRMINO DE MATERIA |
| Término de materia o nombre geográfico como elemento de entrada |
Política de finanzas públicas |
| 9 (RLIN) |
7416 |
| 650 #4 - PUNTO DE ACCESO ADICIONAL DE MATERIA--TÉRMINO DE MATERIA |
| Término de materia o nombre geográfico como elemento de entrada |
Inversiones estadounidenses |
| Subdivisión geográfica |
República Dominicana |
| 9 (RLIN) |
7417 |
| 700 1# - PUNTO DE ACCESO ADICIONAL--NOMBRE DE PERSONA |
| Nombre de persona |
Chez Checo, José, |
| Fechas asociadas al nombre |
1949- |
| Término indicativo de función/relación |
ed. |
| 9 (RLIN) |
10145 |
| 910 ## - DATOS DE OPCIÓN DEL USUARIO (OCLC) |
| Datos de opción del usuario |
Validado. Control de calidad MMOLINA |